Buditel, historik, apologeta Matěj Procházka (1811-1889)
| Titel: | Buditel, historik, apologeta Matěj Procházka (1811-1889) = Revivalist, historian, apologist Matěj Procházka (1811-1889) / Veronika Řeháková |
|---|---|
| Verfasser: | |
| Ausgabe: | Vydání první |
| Veröffentlicht: | Brno : Centrum pro studium demokracie a kultury (CDK), 2021 |
| Umfang: | 335 Seiten, viii Seiten Bildtafeln : Illustrationen, Porträts ; 21 cm |
| Format: | Buch |
| Sprache: | Tschechisch |
| ISBN: | 9788073255268 |
| Hinweise zum Inhalt: |
Literaturverzeichnis
Register // Personenregister Inhaltsverzeichnis Buch Bibliographie Cover Register Abstract |
alg: 52233118 001A $03004:18-10-24 001B $01999:04-12-25 $t22:16:51.000 001D $03004:18-10-24 001U $0utf8 001X $00 002@ $0Aau 002C $aText $btxt $2rdacontent 002D $aohne Hilfsmittel zu benutzen $bn $2rdamedia 002E $aBand $bnc $2rdacarrier 003@ $0522331181 003O $01461834374 $aOCoLC 004A $A978-80-7325-526-8 006C $01289762026 $aOCoLC 007A $0BV047645532 $aBVB 007G $0DE0207634842BB6A591C6C1258BBF00459B81 009P $qapplication/pdf $3Literaturverzeichnis $uhttp://bvbr.bib-bvb.de:8991/F?func=service&doc_library=BVB01&local_base=BVB01&doc_number=033029674&sequence=000003&line_number=0002&func_code=DB_RECORDS&service_type=MEDIA $mDigitalisierung BSB München 25 - ADAM Catalogue Enrichment 009P $qapplication/pdf $3Register // Personenregister $uhttp://bvbr.bib-bvb.de:8991/F?func=service&doc_library=BVB01&local_base=BVB01&doc_number=033029674&sequence=000005&line_number=0003&func_code=DB_RECORDS&service_type=MEDIA $mDigitalisierung BSB München 25 - ADAM Catalogue Enrichment 009P $qapplication/pdf $A2 $3Inhaltsverzeichnis $uhttp://scans.hebis.de/HEBCGI/show.pl?52233118_toc.pdf $mV:DE-603;B:DE-Mb50 009P $qapplication/pdf $A2 $3Buch Bibliographie $uhttp://scans.hebis.de/HEBCGI/show.pl?52233118_bib.pdf $mV:DE-603;B:DE-Mb50 009P $qapplication/pdf $A2 $3Cover $uhttp://scans.hebis.de/HEBCGI/show.pl?52233118_cov.pdf $mV:DE-603;B:DE-Mb50 009P $qapplication/pdf $A2 $3Register $uhttp://scans.hebis.de/HEBCGI/show.pl?52233118_idx.pdf $mV:DE-603;B:DE-Mb50 009P $qapplication/pdf $A2 $3Abstract $uhttp://scans.hebis.de/HEBCGI/show.pl?52233118_sum.pdf $mV:DE-603;B:DE-Mb50 010@ $acze 010E $erda 011@ $a2021 $n2021 021A $aBuditel, historik, apologeta Matěj Procházka (1811-1889) $fRevivalist, historian, apologist Matěj Procházka (1811-1889) $hVeronika Řeháková 028A $BVerfasser $4aut $7124777757X $8Řeháková, Veronika$Z1977- [Tp3] $9488919452 032@ $aVydání první 033A $pBrno $nCentrum pro studium demokracie a kultury (CDK) 034D $a335 Seiten, viii Seiten Bildtafeln 034I $a21 cm 034M $aIllustrationen, Porträts 037A $aLiteraturverzeichnis Seite 297-324 044K $qBVB $#Procházka, Mathias $#Procházka, M. $71138933198 $8Procházka, Matěj$Z1811-1889 [Tp1] $9416066291 045F $a929.09437109034 $eDDC22BSB 045F/01 $a929 045F/03 $f09034 045F/03 $g4371 045G $a370.9437109034 $eDDC22BSB 045G/01 $a370.9 045G/03 $f09034 045G/03 $g4371 045H $a306.09437109034 $eDDC22BSB 045H/01 $a306.09 045H/03 $f09034 045H/03 $g4371 045I $a200.9437109034 $eDDC22BSB 045I/01 $a200.9 045I/03 $f09034 045I/03 $g4371 045T $aOST $qDE-12 $2FID 046L $aZusammenfassung in englischer Sprache lok: 52233118 24 exp: 52233118 24 1 #EPN 201B/01 $018-10-24 $t12:24:39.000 201C/01 $009-11-21 201U/01 $0utf8 203@/01 $01172679576 208@/01 $a18-10-24 $bz 209A/01 $a24.04493 $du $f050 $h24 04493 $x00 209C/01 $a24.04493 K $h24 04493 K 209G/01 $a74790747 $x00 220C/01 $akon 247C/01 $8358050-7Marburg, Bibliothek des Herder-Instituts Marburg $9102600961
| LEADER | 00000cam a2200000 c 4500 | ||
|---|---|---|---|
| 001 | 522331181 | ||
| 003 | DE-603 | ||
| 005 | 20251204221651.0 | ||
| 007 | tu | ||
| 008 | 241018s2021 xx |||| | u00||u|cze c | ||
| 020 | |a 9788073255268 | ||
| 035 | |a (DE-599)BVBBV047645532 | ||
| 035 | |a (OCoLC)1461834374 | ||
| 040 | |a DE-603 |b ger |c DE-603 |d DE-603 |e rda | ||
| 041 | |a cze | ||
| 082 | 0 | 4 | |8 1\u |a 929.09437109034 |q DE-101 |2 22/BSB |
| 083 | 0 | |8 2\u |a 370.9437109034 |q DE-101 |2 22/BSB | |
| 083 | 0 | |8 3\u |a 306.09437109034 |q DE-101 |2 22/BSB | |
| 083 | 0 | |8 4\u |a 200.9437109034 |q DE-101 |2 22/BSB | |
| 084 | |a OST |q DE-12 |2 fid | ||
| 085 | |8 1\u |b 929 | ||
| 085 | |8 1\u |z 1 |s 09034 | ||
| 085 | |8 1\u |z 2 |s 4371 | ||
| 085 | |8 2\u |b 370.9 | ||
| 085 | |8 2\u |z 1 |s 09034 | ||
| 085 | |8 2\u |z 2 |s 4371 | ||
| 085 | |8 3\u |b 306.09 | ||
| 085 | |8 3\u |z 1 |s 09034 | ||
| 085 | |8 3\u |z 2 |s 4371 | ||
| 085 | |8 4\u |b 200.9 | ||
| 085 | |8 4\u |z 1 |s 09034 | ||
| 085 | |8 4\u |z 2 |s 4371 | ||
| 100 | 1 | |a Řeháková, Veronika |d 1977- |e Verfasser |4 aut |0 (DE-603)488919452 |0 (DE-588)124777757X |2 gnd | |
| 245 | 0 | 0 | |a Buditel, historik, apologeta Matěj Procházka (1811-1889) |b = Revivalist, historian, apologist Matěj Procházka (1811-1889) |c Veronika Řeháková |
| 250 | |a Vydání první | ||
| 264 | 1 | |a Brno |b Centrum pro studium demokracie a kultury (CDK) |c 2021 | |
| 300 | |a 335 Seiten, viii Seiten Bildtafeln |b Illustrationen, Porträts |c 21 cm | ||
| 336 | |a Text |b txt |2 rdacontent | ||
| 337 | |a ohne Hilfsmittel zu benutzen |b n |2 rdamedia | ||
| 338 | |a Band |b nc |2 rdacarrier | ||
| 500 | |a Literaturverzeichnis Seite 297-324 | ||
| 546 | |a Zusammenfassung in englischer Sprache | ||
| 600 | 1 | 7 | |a Procházka, Matěj |d 1811-1889 |0 (DE-588)1138933198 |0 (DE-603)416066291 |2 gnd |
| 856 | 4 | 2 | |m Digitalisierung BSB München 25 - ADAM Catalogue Enrichment |q application/pdf |u http://bvbr.bib-bvb.de:8991/F?func=service&doc_library=BVB01&local_base=BVB01&doc_number=033029674&sequence=000003&line_number=0002&func_code=DB_RECORDS&service_type=MEDIA |3 Literaturverzeichnis |
| 856 | 4 | 2 | |m Digitalisierung BSB München 25 - ADAM Catalogue Enrichment |q application/pdf |u http://bvbr.bib-bvb.de:8991/F?func=service&doc_library=BVB01&local_base=BVB01&doc_number=033029674&sequence=000005&line_number=0003&func_code=DB_RECORDS&service_type=MEDIA |3 Register // Personenregister |
| 856 | 4 | 2 | |m V:DE-603;B:DE-Mb50 |q application/pdf |u http://scans.hebis.de/HEBCGI/show.pl?52233118_toc.pdf |3 Inhaltsverzeichnis |
| 856 | 4 | 2 | |m V:DE-603;B:DE-Mb50 |q application/pdf |u http://scans.hebis.de/HEBCGI/show.pl?52233118_bib.pdf |3 Buch Bibliographie |
| 856 | 4 | 2 | |m V:DE-603;B:DE-Mb50 |q application/pdf |u http://scans.hebis.de/HEBCGI/show.pl?52233118_cov.pdf |3 Cover |
| 856 | 4 | 2 | |m V:DE-603;B:DE-Mb50 |q application/pdf |u http://scans.hebis.de/HEBCGI/show.pl?52233118_idx.pdf |3 Register |
| 856 | 4 | 2 | |m V:DE-603;B:DE-Mb50 |q application/pdf |u http://scans.hebis.de/HEBCGI/show.pl?52233118_sum.pdf |3 Abstract |
| 924 | 0 | |9 Mb 50 |a (DE-603)1172679576 |b DE-Mb50 |c HES |d c |g 24.04493 | |


